Third Text/ (Record no. 3643)

MARC details
000 -LEADER
campo de control de longitud fija 01275nam a22003737a 4500
003 - IDENTIFICADOR DE NÚMERO DE CONTROL
campo de control OSt
005 - FECHA Y HORA DE LA ÚLTIMA TRANSACCIÓN
campo de control 20230519101140.0
008 - DATOS DE LONGITUD FIJA--INFORMACIÓN GENERAL
campo de control de longitud fija 221006b |||||||| |||| 00| 0 eng d
040 ## - FUENTE DE CATALOGACIÓN
Centro/agencia transcriptor Biblioteca Lado V
082 ## - NÚMERO DE LA CLASIFICACIÓN DECIMAL DEWEY
Número de clasificación 701.18
Número de ítem A658t
100 ## - ENTRADA PRINCIPAL--NOMBRE DE PERSONA
9 (RLIN) 828
Nombre de persona Araeen, Rasheed
Término indicativo de función/relación editora
245 ## - MENCIÓN DEL TÍTULO
Título Third Text/
Resto del título CriticalPerspectives on Contemporary Art & Culture/
260 ## - PUBLICACIÓN, DISTRIBUCIÓN, ETC.
Nombre del editor, distribuidor, etc. Routledge
Fecha de publicación, distribución, etc. 2001
Lugar de publicación, distribución, etc. Londres
300 ## - DESCRIPCIÓN FÍSICA
Dimensiones 19x25cm
Extensión 96p.
366 ## - INFORMACIÓN SOBRE DISPONIBILIDAD COMERCIAL
Nota eng
490 ## - MENCIÓN DE SERIE
Mención de serie 56
Designación de volumen o secuencia 2001
Número Internacional Normalizado para Publicaciones Seriadas 0952-8822
505 ## - NOTA DE CONTENIDO CON FORMATO
Nota de contenido con formato Ihab Hassan
505 ## - NOTA DE CONTENIDO CON FORMATO
Nota de contenido con formato Deborah Cain
505 ## - NOTA DE CONTENIDO CON FORMATO
Nota de contenido con formato Gerardo Mosquera
505 ## - NOTA DE CONTENIDO CON FORMATO
Nota de contenido con formato Vivian Johnson
505 ## - NOTA DE CONTENIDO CON FORMATO
Nota de contenido con formato Xiaoping Lin
505 ## - NOTA DE CONTENIDO CON FORMATO
Nota de contenido con formato Liese van der Watt
505 ## - NOTA DE CONTENIDO CON FORMATO
Nota de contenido con formato Forum
Información miscelánea Rasheed Araeen<br/><br/>Ali Nobil Ahmad
505 ## - NOTA DE CONTENIDO CON FORMATO
Nota de contenido con formato Reviews
Información miscelánea Kathy Battista<br/><br/>Valerie Connor
505 ## - NOTA DE CONTENIDO CON FORMATO
Nota de contenido con formato Contributors
650 ## - PUNTO DE ACCESO ADICIONAL DE MATERIA--TÉRMINO DE MATERIA
Fuente del encabezamiento o término Tesauro de Arte & Arquitectura
Término de materia o nombre geográfico como elemento de entrada ARTE
9 (RLIN) 703
650 ## - PUNTO DE ACCESO ADICIONAL DE MATERIA--TÉRMINO DE MATERIA
Fuente del encabezamiento o término Tesauro de Arte & Arquitectura
Término de materia o nombre geográfico como elemento de entrada CRITICA
650 ## - PUNTO DE ACCESO ADICIONAL DE MATERIA--TÉRMINO DE MATERIA
Fuente del encabezamiento o término Tesauro de Arte & Arquitectura
Término de materia o nombre geográfico como elemento de entrada ARTE CONTEMPORANEO
650 ## - PUNTO DE ACCESO ADICIONAL DE MATERIA--TÉRMINO DE MATERIA
Fuente del encabezamiento o término Tesauro de Arte & Arquitectura
Término de materia o nombre geográfico como elemento de entrada APRECIACION
650 ## - PUNTO DE ACCESO ADICIONAL DE MATERIA--TÉRMINO DE MATERIA
Fuente del encabezamiento o término Tesauro de Arte & Arquitectura
Término de materia o nombre geográfico como elemento de entrada TEORIA
650 ## - PUNTO DE ACCESO ADICIONAL DE MATERIA--TÉRMINO DE MATERIA
Fuente del encabezamiento o término Tesauro de Arte & Arquitectura
Término de materia o nombre geográfico como elemento de entrada ANALISIS
651 ## - PUNTO DE ACCESO ADICIONAL DE MATERIA--NOMBRE GEOGRÁFICO
Fuente del encabezamiento o término Tesauro de Arte & Arquitectura
Nombre geográfico LONDRES
942 ## - ELEMENTOS DE ENTRADA SECUNDARIOS (KOHA)
Fuente del sistema de clasificación o colocación Clasificación Decimal Dewey
Tipo de ítem Koha Libros
Parte de la signatura que corresponde a la clasificación (Parte de la clasificación) 701.18
Parte de la signatura que identifica el ejemplar (Parte del ítem) A658t
Suprimir en OPAC No
Holdings
Estatus retirado Estado de pérdida Fuente del sistema de clasificación o colocación Especificación de materiales (volumen encuadernado u otra parte) Estado de daño No para préstamo Colección Biblioteca de origen Biblioteca actual Fecha de adquisición Enumeración/cronología de publicación seriada Número de inventario Total de préstamos Signatura topográfica completa Código de barras Visto por última vez Precio de reemplazo Tipo de ítem Koha
    Clasificación Decimal Dewey 2001     Revistas Biblioteca LadoV Biblioteca LadoV 19/05/2023 56 003763   701.18 A658t 003763 19/05/2023 19/05/2023 Libros